Paroles #5 : Holà - PLK - Statistiques

Statistiques générales
  • Ce quiz a été pris 246 fois
  • Le résultat moyen est 219 sur 431
Statistiques - réponses
Paroles % Correct
Hola
100%
hola
100%
holà
100%
ça
96%
Carolina
95%
le
95%
j'ai
94%
qu'à
92%
quand
91%
ta
91%
te
90%
tu
90%
bouges
88%
de
88%
fessier
88%
j'aime
88%
en
87%
Mi
87%
à
86%
a
86%
des
86%
qui
86%
legging
85%
rend
85%
t'as
85%
minable
84%
toi
79%
homme
78%
ni
78%
pour
78%
que
78%
désire
76%
et
76%
années
75%
j'suis
75%
quel
75%
je
74%
n'importe
74%
piges
74%
dans
73%
la
71%
j'prends
70%
ma
69%
m'a
69%
pas
69%
t'es
69%
comme
68%
les
68%
d'prison
67%
moi
66%
Moi
66%
un
66%
ton
65%
Angelina
63%
elle
62%
si
62%
mes
61%
j'veux
60%
ce
58%
mais
58%
tout
58%
terrain
56%
après
55%
coeur
55%
plus
55%
p'tit
55%
rentrer
55%
missions
54%
bg
53%
on
53%
chanteurs
52%
gars
52%
une
52%
va
52%
guitare
51%
libre ?
51%
pickup
51%
faire
49%
nuit
49%
showcase
49%
Solène
49%
toujours
49%
bonne
48%
fans
48%
j'te
48%
kichtas
48%
niqué
48%
nique
48%
viens
48%
fait
47%
jamais
47%
Sarah
47%
critères
46%
crinière
45%
j'sais
45%
problème
45%
rappeur
45%
beatles
44%
oreille
44%
people
44%
sourde
44%
crient
43%
sauter
43%
s'en
43%
trop
43%
démarche
42%
encore
42%
l'hotel
42%
ouais
42%
pile-poil
42%
fois
41%
avec
40%
juste
40%
rien
40%
t'faire
40%
déboite
39%
qu'elle
39%
savoir
39%
tigresse
39%
carotté
38%
d'à-côté
38%
doit
38%
fais
38%
fout
38%
j'crois
38%
j'kiffe
38%
passé
38%
sur
38%
assez
37%
couple
37%
j'me
37%
l'comportement
37%
mental'
37%
oi-t
37%
préférer
37%
qu'ceux
36%
réitère
36%
adéquat
35%
appétit
35%
cette
35%
gros
35%
mets
35%
numéro
35%
s'voit
35%
bah
34%
d'l'oseille
33%
m'bloquer
33%
moment
33%
profiter
33%
bref
32%
croquer
32%
donc
32%
fraîche
32%
sais
32%
est
31%
perso
30%
bien
29%
dit
29%
j'garde
29%
j'fume
28%
l'côté
28%
cocker
27%
promis
26%
Promis
26%
très
26%
c'qu'on
25%
du
25%
l'bendo
25%
s'est
25%
mentirais
24%
Junior
23%
dopée
22%
eh
22%
donne
21%
amigo
20%
prod
20%
t'fais
20%
au
19%
avant
19%
ensemble
19%
nous
19%
c'est
18%
ffer-ki
18%
qu'ça
18%
aime
17%
haine
17%
j'avais
17%
jusqu'à
17%
sépare
17%
C4
16%
confiance
16%
hey
16%
j'vais
16%
teh
16%
c'que
15%
Lancel
15%
LV
15%
madame
15%
maintenant
15%
veut
15%
vient
15%
belle
14%
brille
14%
faut
14%
flux
14%
tempête
14%
beau
12%
d'luxe
12%
dynamite
12%
goûts
12%
j'écris
12%
lit
12%
ne
12%
temps
12%
arrête
11%
d'la
11%
sorry
11%
froid
10%
nouveau
10%
autres
8%
l'ancêtre
8%
l'temps
8%
blessée
7%
d'story
7%
poubelle
7%
seule
7%
tatas
7%
vais
7%
j't'ai
6%
l'soleil
6%
m'ranger
6%
peine
6%
carré
5%
jet-pro
5%
rester
5%
reviens
5%
sage
5%
s'venger
5%
j'mettrais
4%
penser
3%
s'ras
3%
danger
2%
sinon
2%
sois
1%
Aucun quiz correspondant
Distribution des résultats
% des personnes avec chaque résultat
Percentile par nombre de réponses
Votre historique - résultats
Vous n’avez pas pris ce quiz